Countries that use Peso - Statistics

General Stats
  • This quiz has been taken 24 times
  • The average score is 6 of 8
Answer Stats
Country % Correct
Mexico
100%
Argentina
87%
Uruguay
87%
Chile
80%
Colombia
80%
Cuba
73%
Dominican Republic
53%
Philippines
33%
No matching quizzes found
Score Distribution
Percent of People with Each Score
Percentile by Number Answered
Your Score History
You have not taken this quiz